Chowancy Serbskeho seminara

Titel: Chowancy Serbskeho seminara
Verfasser:
In: Sorbisches Institut: Lětopis, Band 42, Heft 1 (1995), Seite 9-13
alle Artikel anzeigen
Veröffentlicht: 1995
Format: Aufsatz
Sprache: Sorbisch
Kein Bild verfügbar
X
alg: 39443884
001A    $01999:12-11-16 
001B    $03025:08-03-24 $t14:53:25.000 
001C    $06050:19-11-16 $t09:36:06.000 
001D    $01999:12-11-16 
001U    $0utf8 
001X    $00 
002@    $0Aox 
003@    $0394438841 
007A    $0394438841 $aHEB 
007T    $0Herdw01477 
010@    $awen 
011@    $a1995 
021A    $aChowancy Serbskeho seminara 
027A    $aDie Zöglinge des Sorbischen Seminars 
028A    $#Musiat, Zygmunt $71089144202 $8Musiat, Siegmund$Z1930-2017 [Tp1] $9374353212 
031A    $d42 $e1 $h9-13 $j1995 
039B    $aIn $8--Abvc--Sorbisches Institut [Tb1]. Lětopis. - Bautzen : Domowina-Verl., 1992-. - ISSN 0943-2787 $x199500000420001991 $9048608750 
045F    $a305.80094385 $eDDC23BSB 
045F/01 $a305.8009 
045F/03 $g4385 
045T    $a10 $a8,1 $a9,10 
046C    $aDie Zöglinge des Sorbischen Seminars $bÜbers. des Hauptsacht. 

lok: 39443884 78

exp: 39443884 78 1 #EPN
201B/01 $020-05-19 $t22:53:17.000 
201U/01 $0utf8 
203@/01 $0790549255 
208@/01 $a12-11-16 $be 
209A/01 $a/ $f000 $x00 
220C/01 $aTitelaufnehmer: TJ 
244Z/01 $2Trx $#Silesia $#Śląsk $#Sliezsko $#Slezsko $8--Trx--Schlesien $x01 $9391173987 
244Z/01 $#Lausitz, Süd $#Südliche Lausitz $#Górne Łużyce $74042942-8 $8--Tg1--Oberlausitz $x02 $9085119431 
244Z/01 $#Nördliche Lausitz $#Lausitz, Nord $#Markgrafthum Nieder-Lausitz $#Niederlausitz, Landes-Versammlung $#Landes-Versammlung Niederlausitz $#Markgraftum Niederlausitz $#Dolne Łużyce $74042205-7 $8--Tg1--Niederlausitz $x03 $908511653X 
244Z/01 $aGeschichte 1890-1900 $x04 
244Z/01 $2Trx $#Wuschanski, Georg $8--Trx--Łusčanski, Jurij$Z1839-1905 $x05 $9390848964 
244Z/01 $2Trx $8--Trx--Šewčik, Jakub $x06 $9390553468 
244Z/01 $2Trx $8--Trx--Andricki, Mikławš$Z1871-1908 $x07 $9390607258 
244Z/01 $2Trx $#sorbid $#sorbai $#Sorbs $#szorb népek $#Serbołużyczanie $#Srbi lužickí $#Lužičtí Srbové $8--Trx--Sorben $x08 $9391353144 
244Z/01 $2Trx $8--Trx--Zeitschriftenaufsatz $x09 $9391384341 
245Z/01 $a08.04.16 $x01 
247C/01 $82080>Marburg/Lahn, Herder-Institut, Forschungsbibliothek, Bibliographieportal $9336309341
LEADER 00000caa a22000002c 4500
001 394438841
003 DE-603
005 20240308145325.0
007 tu
008 161112s1995 xx |||| | u00||u|wen c
035 |a (DE-599)HEB394438841 
040 |a DE-603  |b ger  |c DE-603  |d DE-603 
041 |a wen 
082 0 4 |8 1\u  |a 305.80094385  |q DE-101  |2 23/BSB 
084 |a 10  |a 8,1  |a 9,10  |2 ssgn 
085 |8 1\u  |b 305.8009 
085 |8 1\u  |z 2  |s 4385 
100 1 |a Musiat, Siegmund  |d 1930-2017  |0 (DE-603)374353212  |0 (DE-588)1089144202  |2 gnd 
245 0 0 |a Chowancy Serbskeho seminara 
246 1 |i Übers. des Hauptsacht.  |a Die Zöglinge des Sorbischen Seminars 
246 1 3 |a Die Zöglinge des Sorbischen Seminars 
264 0 |c 1995 
773 0 8 |i In  |a Sorbisches Institut  |t Lětopis  |d Bautzen : Domowina-Verl., 1992-  |h 24 cm  |x 0943-2787  |g Band 42, Heft 1 (1995), Seite 9-13  |w (DE-603)048608750  |w (DE-600)1116990-4 
924 0 |9 2080  |a (DE-603)790549255  |b DE-2080  |c HES  |d d  |g /